[Event "1er Grand Prix de l'Essonne C"]
[Site "Orsay"]
[Date "2009.02.21"]
[Round "7"]
[White "Papa, Kassim"]
[Black "Msellek, Ilyass"]
[Result "0-1"]
[WhiteElo "1851"]
[BlackElo "1846"]
[PlyCount "62"]
[EventDate "2009.02.15"]
[EventType "tourn"]
[EventRounds "7"]
[EventCountry "FRA"]

1. e4 c5 2. Nf3 e6 3. d4 cxd4 4. Nxd4 Nf6 5. Nc3 Nc6 6. Bg5 Bb4 7. Ndb5 O-O 8.
a3 Bc5 9. Qd2 h6 10. Bh4 a6 11. Nd6 Bxd6 12. Qxd6 Nxe4 13. Nxe4 Qxh4 14. Bd3
Qe7 15. O-O-O f5 16. Qxe7 Nxe7 17. Nd6 b5 18. f4 Nd5 19. g3 Ra7 20. Be2 Rc7 21.
Bf3 Ne3 22. Rd2 g5 23. Re1 Nc4 24. Nxc4 Rxc4 25. Rd6 gxf4 26. b3 Rc3 27. Be2
fxg3 28. Bd3 gxh2 29. Rh1 Rc6 30. Rd4 Kh7 31. Rxh2 e5 0-1

[Event "1er Grand Prix de l'Essonne C"]
[Site "Orsay"]
[Date "2009.02.21"]
[Round "7"]
[White "Kieffer, Jean Claude"]
[Black "Simon, Benoit"]
[Result "0-1"]
[WhiteElo "1941"]
[BlackElo "1876"]
[PlyCount "72"]
[EventDate "2009.02.15"]
[EventType "tourn"]
[EventRounds "7"]
[EventCountry "FRA"]

1. d4 Nf6 2. c4 g6 3. Nc3 Bg7 4. e4 d6 5. Be2 O-O 6. Bg5 Nbd7 7. Qd2 Re8 8. Nf3
e5 9. d5 Nc5 10. Qc2 a5 11. b3 Bd7 12. O-O h6 13. Bc1 Rf8 14. Nd2 Nh7 15. a3 f5
16. f3 f4 17. Bb2 Qg5 18. Kh1 a4 19. b4 Na6 20. Nxa4 Nf6 21. Nc3 Nh5 22. Rfc1
Qh4 23. Kg1 g5 24. Qd1 g4 25. fxg4 Ng3 26. Bf3 Rf6 27. hxg3 fxg3 28. Kf1 Raf8
29. Ke2 Bxg4 30. Qh1 Qg5 31. Rf1 h5 32. Bc1 Bh6 33. Nb3 Qg6 34. Bxh6 Qxh6 35.
Nd2 Qg5 36. Bxg4 Rf2+ 0-1

[Event "1er Grand Prix de l'Essonne C"]
[Site "Orsay"]
[Date "2009.02.21"]
[Round "7"]
[White "Jaouen, Alain"]
[Black "Bouville, David"]
[Result "0-1"]
[WhiteElo "1780"]
[BlackElo "1789"]
[PlyCount "32"]
[EventDate "2009.02.15"]
[EventType "tourn"]
[EventRounds "7"]
[EventCountry "FRA"]

1. e4 e5 2. Nf3 Nf6 3. d4 Nxe4 4. Nxe5 Be7 5. Qg4 Ng5 6. Bxg5 Bxg5 7. Bc4 O-O
8. Qf3 Bf6 9. Qc3 d6 10. Nf3 Re8+ 11. Be2 c5 12. Qd3 cxd4 13. Nxd4 Nc6 14. Nxc6
bxc6 15. c3 Qb6 16. b3 Ba6 0-1